D/C : desarrollo y cooperación /
محفوظ في:
| مؤلف مشترك: | |
|---|---|
| التنسيق: | كتاب |
| اللغة: | Spanish |
| منشور في: |
Bonn, Alemania:
Fundación Alemana para el Desarrollo Internacional
|
| الموضوعات: | |
| الوسوم: |
إضافة وسم
لا توجد وسوم, كن أول من يضع وسما على هذه التسجيلة!
|
MARC
| LEADER | 00000nam a2200000 4500 | ||
|---|---|---|---|
| 003 | cru IIS | ||
| 005 | 20220811143015.0 | ||
| 008 | 220811n ge |||p|r|||| 00| 0 spa d | ||
| 022 | |a 07212178 | ||
| 040 | |c cru IIS | ||
| 090 | |a REV0353 | ||
| 110 | 1 | |9 10681 |a Fundación Alemana para el Desarrollo Internacional | |
| 245 | |a D/C : |b desarrollo y cooperación / |c Fundación Alemana para el Desarrollo Internacional | ||
| 260 | |a Bonn, Alemania: |b Fundación Alemana para el Desarrollo Internacional | ||
| 500 | |a PERIODICIDAD:bimestral EXISTENCIAS : 1987 (6) 1988 (1-4) 1989 (5) 1990 (1, 3, 4, 6) 1991 (1-6) 1992 (1, 3-5) 1993 (3-6) 1994 (2, 6) 1995 (2, 3, 5) 1996 (1-6) 1997 (1-5) 1998 (1, 4) 2000 (1,5-6) 2001 (3) 2002 (6) | ||
| 650 | 0 | |9 2225 |a SIDA | |
| 650 | 0 | |9 411 |a DESARROLLO POLITICO | |
| 650 | 0 | |9 83 |a DEMOCRACIA | |
| 650 | 0 | |9 5502 |a BIOTECNOLOGIA | |
| 650 | 0 | |9 71 |a DESARROLLO ECONOMICO Y SOCIAL | |
| 650 | 4 | |9 2645 |a COOPERACION INTERNACIONAL | |
| 650 | 4 | |9 2646 |a RELACIONES INTERNACIONALES | |
| 650 | 0 | |9 1698 |a TECNOLOGIA | |
| 650 | 4 | |9 1840 |a DESARROLLO INDUSTRIAL | |
| 650 | 0 | |9 88 |a MUJERES | |
| 651 | 0 | |9 17 |a AMERICA LATINA | |
| 942 | |2 ddc |c PP | ||
| 999 | |c 44489 |d 44489 | ||
